Noches lúgubres

Na minha lista:
Detalhes bibliográficos
Autor principal: Cadalso, José de (Author)
Formato: Livro
Idioma:espanhol
Publicado em: Madrid Espasa-Calpe 1961
Colecção:Clásicos Castellanos, 152
Assuntos:
Tags: Adicionar Tag
Sem tags, seja o primeiro a adicionar uma tag!

MARC

LEADER 00000nam a2200000 a 4500
001 UCQ6207
003 CL-VaPUC
008 981009e19610000SP |||||||||||||||||spa|d
082 0 4 |a 862  |b CAD  |2 21 
100 0 |a Cadalso, José de  |e author  |9 315723 
245 1 0 |a Noches lúgubres 
300 |a 66 p 
942 |c BK 
945 |d 19981009 00:00:00  |a crobeson 
260 |a Madrid  |b Espasa-Calpe  |c 1961 
650 0 |a Dramas españoles  |9 267081 
650 0 |a Literatura española  |9 306261 
583 |a last modification  |c 19981009 00:00:00  |k Rodrigo Vera 
490 0 |a Clásicos Castellanos, 152 
999 |c 276209  |d 276207 
952 |0 0  |1 0  |4 0  |6 862_000000000000000_CAD_1961  |7 0  |8 A  |9 313358  |a BIBEDU  |b BIBEDU  |d 2019-11-20  |i 1476947  |o 862 CAD 1961  |p 1476947  |r 2019-11-20  |w 2019-11-20  |y BK  |k LIT